The cultural context of health, illness, and medicine / (رقم التسجيلة. 21888)

تفاصيل مارك
000 -الفاتح
حقل البيانات ثابتة الطول 02134cam a22004814a 4500
001 - رقم الضبط
رقم الضبط 16181577
003 - محدد رقم الضبط
رقم الضبط OSt
005 - وقت وتاريخ اخر تعامل مع التسجيلة
رقم الضبط 20150408114019.0
008 - عناصر البيانات ثابتة الطول - معلومات عامة
حقل البيانات ثابتة الطول 100407s2010 cau b 001 0 eng
010 ## - رقم ضبط مكتبة الكونجرس
رقم ضبط مكتبة الكونجرس 2010014928
016 7# - رقم ضبط الوكاله الوطنية للضبط الببليوجرافي
رقم ضبط التسجيلة 101528195
المصدر DNLM
020 ## - الرقم الدولى المعيارى للكتب
الرقم الدولى المعيارى للكتاب 9780313377600 (hard copy : alk. paper)
020 ## - الرقم الدولى المعيارى للكتب
الرقم الدولى المعيارى للكتاب 031337760X (hard copy : alk. paper)
020 ## - الرقم الدولى المعيارى للكتب
الرقم الدولى المعيارى للكتاب 9780313377853 (pbk. : alk. paper)
020 ## - الرقم الدولى المعيارى للكتب
الرقم الدولى المعيارى للكتاب 0313377855 (pbk. : alk. paper)
020 ## - الرقم الدولى المعيارى للكتب
الرقم الدولى المعيارى للكتاب 9780313377617 (eISBN)
020 ## - الرقم الدولى المعيارى للكتب
الرقم الدولى المعيارى للكتاب 0313377618 (eISBN)
035 ## - رقم ضبط النظام
رقم ضبط النظام (OCoLC)ocn607465554
040 ## - مصدر الفهرسة
وكالة الفهرسة الأصلية DNLM/DLC
وكالة النسخ DLC
وكالة التعديل YDX
-- BTCTA
-- NLM
-- YDXCP
-- CDX
-- BWX
-- STF
-- DLC
042 ## - رمز التحقق
رمز التحقق pcc
043 ## - رمز المنطقة الجغرافية
رمز المنطقة الجغرافية n-us---
050 00 - رقم طلب مكتبة الكونجرس
رقم التصنيف GN296
رقم المادة .L68 2010
060 10 - رقم الطلب بالمكتبة الطبية الوطنية
رقم التصنيف W 21
رقم المادة S677c 2010
082 00 - رقم تصنيف ديوى العشرى
رقم التصنيف 306.461
رقم الطبعة 22
100 1# - المدخل الرئيسى - إسم شخصى
الإسم الشخصى Sobo, Elisa Janine,
التواريخ المصاحبة للاسم 1963-
9 (RLIN) 11061
245 14 - بيان العنوان
العنوان The cultural context of health, illness, and medicine /
بيان المسئوليه,etc Elisa J. Sobo and Martha O. Loustaunau.
250 ## - بيان الطبعة
بيان الطبعة 2nd ed.
260 ## - PUBLICATION, DISTRIBUTION, ETC. (IMPRINT)
مكان الناشر او الموزع Santa Barbara, Calif. :
اسم الناشر او الموزع Praeger,
تاريخ النشر أو التوزيع c2010.
300 ## - الوصف المادى
التعداد xviii, 268 p. ;
أبعاد الوعاء 24 cm.
500 ## - تبصرة عامة
تبصرة عامة Martha Loustaunau is first named author on previous edition.
504 ## - تبصرة ببليوجرافية
تبصرة ببليوجرافية,الخ Includes bibliographical references (p. [227]-254) and index.
505 0# - تبصرة محتويات-الفهرس
تبصرة المحتويات المصاغة The concept of culture -- The health-related consequences of social structure -- Health and illness over the life course -- Therapeutic modalities : a cross-cultural perspective -- Biomedicine : emergence and evolution in cultural context -- Reforming medicine -- Developing cultural sensitivity -- Putting ideas into practice : complex contemporary challenges.
650 #0 - المدخل الاضافى بالموضوع-مصطلح موضوعى
مصطلح موضوعي أو اسم جغرافي كعنصر مدخل Medical anthropology.
9 (RLIN) 11062
650 #0 - المدخل الاضافى بالموضوع-مصطلح موضوعى
مصطلح موضوعي أو اسم جغرافي كعنصر مدخل Social medicine.
9 (RLIN) 10163
650 12 - المدخل الاضافى بالموضوع-مصطلح موضوعى
مصطلح موضوعي أو اسم جغرافي كعنصر مدخل Cultural Competency
التقسيم الفرعي الجغرافي United States.
9 (RLIN) 11063
650 22 - المدخل الاضافى بالموضوع-مصطلح موضوعى
مصطلح موضوعي أو اسم جغرافي كعنصر مدخل Anthropology
التقسيم الفرعي الجغرافي United States.
9 (RLIN) 11064
650 22 - المدخل الاضافى بالموضوع-مصطلح موضوعى
مصطلح موضوعي أو اسم جغرافي كعنصر مدخل Attitude to Health
التقسيم الفرعي العام ethnology
التقسيم الفرعي الجغرافي United States.
9 (RLIN) 11065
650 22 - المدخل الاضافى بالموضوع-مصطلح موضوعى
مصطلح موضوعي أو اسم جغرافي كعنصر مدخل Cultural Diversity
التقسيم الفرعي الجغرافي United States.
9 (RLIN) 11066
650 22 - المدخل الاضافى بالموضوع-مصطلح موضوعى
مصطلح موضوعي أو اسم جغرافي كعنصر مدخل Delivery of Health Care
التقسيم الفرعي الجغرافي United States.
9 (RLIN) 11067
700 1# - المدخل الاضافى - اسم شخصى
الإسم الشخصى Loustaunau, Martha O.,
التواريخ المصاحبة للاسم 1938-
9 (RLIN) 11068
942 ## - عناصر المدخل الإضافي( كوها)
مصدر التصنيف او مخطط الترفيف Dewey Decimal Classification
Koha [default] item type كتاب
المقتنيات
حالة الفقد نموذج السعر الفعال حالة تلف ليس للاعارة رقم الطلب تاريخ الاكتساب الموقع الحالي الباركود الفرع الرئيسي Date last seen نوع المادة فى نظام كوها مصدر التصنيف او خطة الترفيف Total Checkouts
  2013-03-10     306.461 S E C 2012-04-17 مكتبة مجمع الطالبات بالمجمعة (EMF) 00076654 مكتبة مجمع الطالبات بالمجمعة (EMF) 2013-03-10 كتاب Dewey Decimal Classification  
  2013-03-10     306.461 S E C 2012-04-17 مكتبة مجمع الطالبات بالمجمعة (EMF) 00076653 مكتبة مجمع الطالبات بالمجمعة (EMF) 2013-03-10 كتاب Dewey Decimal Classification  
  2013-03-10     306.461 S E C 2012-04-17 مكتبة مجمع الطالبات بالمجمعة (EMF) 00076656 مكتبة مجمع الطالبات بالمجمعة (EMF) 2013-03-10 كتاب Dewey Decimal Classification  
  2013-03-10     306.461 S E C 2012-04-17 مكتبة مجمع الطالبات بالمجمعة (EMF) 00076655 مكتبة مجمع الطالبات بالمجمعة (EMF) 2013-03-10 كتاب Dewey Decimal Classification